000
00345nam a2200157Ia 4500
003
OSt
008
191201s2013 xx 000 0 und d
082
_a
621.8
_b
BET
100
_a
BEVAN,Thomas
245
0
_a
Theory of Machines
250
_a
Rep
260
_a
New Delhi
_b
Pearson
_c
2013
300
_a
621
650
_a
B.Tech(ME)
942
_2
ddc
_c
BK
999
_c
5624
_d
5624